000 00583nam a2200205Ia 4500
005 20250326144116.0
008 250326s9999 xx 000 0 und d
020 _a019-56907-3
037 _aTextbook
040 _aFMSL
_beng
_cFMSL
041 _aeng
_2eng
084 _aX7:5:89ZB P7
_qFMSL
100 _aNarayana N S S
245 0 _aPolitical economy of trade, fice, and development
_cNarayana N S S
260 _aNew Delhi
_bNew Delhi, Oxford University
_c2007
300 _a502p
365 _b695
942 _cTB
_hX7:5:89ZB P7
999 _c1302387
_d1302387